Dr. Seuss Character Blitz Quiz Stats

 Plays Quiz not verified by Sporcle

Score 0/16 Timer 01:00
0 Plays Today
% Correct
The Cat in the Hat
92.2%
The Grinch
90.9%
Yertle the Turtle
88.7%
Lorax
87.1%
Horton
86.9%
Mr. Brown
72.8%
Sam-I-Am
67.1%
King Looie Katz
67%
% Correct
Sneetch
54.4%
King Birtram
49.5%
Pop
49.3%
Bartholomew Cubbins
44.5%
The Once-ler
37.8%
Sylvester McMonkey McBean
37.3%
Thidwick
34.3%
Marvin K. Mooney
33%

You're not logged in!

Compare scores with friends on all Sporcle quizzes.
OR
Log In

Show Comments

Extras

Top Quizzes Today


Score Distribution

Your Account Isn't Verified!

In order to create a playlist on Sporcle, you need to verify the email address you used during registration. Go to your Sporcle Settings to finish the process.

Report this User

Report this user for behavior that violates our Community Guidelines.

Details: